000 01020nam a22002657a 4500
005 2011080406576.0
008 090728t xxu||||| |||| 00| 0 pun d
010 _aPUN-7035
020 _c160.00
_a9788189869311
035 _aPN-6153
037 _bDBAD / PUB
040 _adpl
_bpn
082 _a
100 _924414
_aਢਿੱਲੋਂ, ਬਲਦੇਵ ਸਿਂਘ
245 _aਪਥਰਾਈਆਂ ਲਹਿਰਾਂ /
_cਬਲਦੇਵ ਸਿਂਘ ਢਿੱਲੋਂ
246 _aPathraiaan Lehraan
_bby Baldev Singh Dhillon
260 _aMansa
_bUdaan publications
_c2007
270 _aMansa
_bPunjab
_k01652-233087, 098148-09219
_e151505
300 4 _a158ਸਫੇ.
_c22ਸੇਂਮੀ (ਸਜਿਲੱਦ)
600 _931401
650 _924431
700 _933297
942 _2ddc
_cPN
_h
_mਢਿੱਲੋਂਬ
999 _c55923
_d55923